| 000 | 00481nam a22001697a 4500 | ||
|---|---|---|---|
| 005 | 20251204170859.0 | ||
| 008 | 251203b |||||||| |||| 00| 0 eng d | ||
| 020 | _a978-0-521-60732-2 | ||
| 041 | _aeng | ||
| 082 | _a616.07 ENG | ||
| 100 |
_aENG, PHILIP AND CHEAH, FOONG-KOON _98842 |
||
| 245 | _aINTERPRETING CHEST X-RAYS ILLUSTRATED WITH 100 CASES | ||
| 260 |
_aU.K. _bCAMBRIDGE UNIVERSITY PRESS |
||
| 300 | _a202;P | ||
| 650 |
_aPARMEDICAL _xBMLT/BMIRT _98850 |
||
| 942 | _cBK | ||
| 999 |
_c9023 _d9021 |
||